Trávníky

Gespeichert in:
Bibliographische Detailangaben
Hauptverfasser: Otevřel, Radek (Verfasst von), Straka, Josef (Verfasst von), Přibyl, Martin (Verfasst von)
Format: Buch
Sprache:Tschechisch
Veröffentlicht: Brno : ERA group , 2006
Ausgabe:1.vyd.
Tags: Tag hinzufügen
Keine Tags, Fügen Sie das erste Tag hinzu!

MARC

LEADER 00000nam a22000003a 4500
001 stu154635
005 20150617225946.0
008 080110s2006----xr------------------cze-d
020 |a 80-7366-043-1 
040 |a STU  |b slo 
041 0 |a cze 
044 |a xr 
080 |a 712.25 
100 1 |a Otevřel, Radek  |4 aut 
245 1 |a Trávníky 
250 |a 1.vyd. 
260 |a Brno :  |b ERA group ,  |c 2006 
300 |a 112 s 
700 1 |a Straka, Josef  |4 aut 
700 1 |a Přibyl, Martin  |4 aut 
996 |b 284V030502  |c V*49691/O-22041  |l VVT  |s A  |a 24  |w stu154635_0001